Statistiche per Percy Jackson - Tutti i capitoli

Clicka qui per fare il quiz!

Statistiche generali

  • Questo quiz è stato fatto 38 volte
  • Il punteggio medio è 48 su 105

Statistiche sulle risposte

Risposta% Corretto
Disintegro accidentalmente la prof di matematica
92%
Divento signore supremo del bagno
84%
Gioco a pinnacolo con un cavallo
84%
Grover perde inaspettatamente i pantaloni
84%
La profezia si avvera
84%
Mia madre mi insegna a lottare con i tori
84%
Mi batto con quell'idiota di mio cugino
84%
Scopriamo la verità, più o meno
84%
Un dio ci compra i cheeseburger
84%
Annabeth ci da una lezione di addestramento
80%
Catturiamo una bandiera
80%
Ci fermiamo all'emporio dei nanetti da giardino
80%
La mia cena va in fumo
80%
Mi getto tra le braccia della morte
80%
Mi offrono un'impresa
80%
Tre vecchiette sferruzzano i calzini della morte
80%
Accettiamo il consiglio di un barboncino
76%
Distruggo un autobus che funzionava a meraviglia
76%
Facciamo shopping nel negozio di materassi ad acqua
76%
Pareggio i conti
76%
Divento un noto ricercato
72%
Mi do fuoco
72%
Prendiamo una zebra per Las Vegas
72%
Affondo con la nave
60%
Ho un nuovo coinquilino
60%
Il mio migliore amico va a comprarsi un abito da sposa
60%
La magia del vello funziona troppo bene
60%
Nessuno si prende il vello
60%
Tyson gioca con il fuoco
60%
Accetto regali da uno sconosciuto
56%
Annabeth vuole tornare a casa a nuoto
56%
Chiamiamo il taxi del tormento eterno
56%
Ci imbarchiamo sulla Principessa Andromeda
56%
Ci salutiamo. Più o meno
56%
Clarisse manda tutto all'aria
56%
Gioco a palla prigioniera con i cannibali
56%
La carica dei Party Pony
56%
La corsa delle bighe finisce col botto
56%
Scrocchiamo un passaggio ai sudisti zombie
56%
Bianca Di Angelo compie una scelta
52%
Facciamo un salto al Centro Benessere C.C.
52%
Ho la peggiore riunione di famiglia della storia
52%
Metto su qualche milione di chili di troppo
52%
Riceviamo una sorpresa a Miami Beach
52%
Ricevo un nuovo nemico per Natale
52%
Un'amica ci dice addio
52%
Gli dei mettono ai voti la nostra morte
48%
Grover sbaraglia tutti
48%
Incontriamo le pecore della sventura
48%
Talia dà fuoco al New England
48%
Faccio snowboard con un cinghiale
44%
Incontriamo il drago dall'alitosi eterna
44%
L'attacco dei piccioni demoniaci
44%
Mi fregano il pegaso
44%
Mi odiano tutti tranne il cavallo
44%
Annabeth infrange le regole
40%
Ho un incontro di lotta libera con il gemello cattivo di Babbo Natale
40%
Imparo ad allevare zombie
40%
La mia festa di compleanno ha una svolta dark
40%
Facciamo un salto alla discarica degli dei
36%
Il vicepreside si procura un lanciamissili
36%
I miei genitori si danno alla guerriglia
36%
Bruciamo un drappo metallico
32%
Faccio una promessa pericolosa
32%
Ho un problema con una diga
32%
Il consiglio si divide
32%
Spalo un bel po' di cacca
32%
Tyson fomenta un'evasione
32%
Vado in crociera con gli esplosivi
32%
Giochiamo al quiz della morte
28%
Grover si fa una Lamborghini
28%
Guido il mio cane contro un albero
28%
Il dio perduto parla
28%
I maiali volano
28%
La prof di matematica mi da un passaggio
28%
Mi offrono dei biscotti carbonizzati
28%
Nico offre gli happy meal ai morti
28%
Vengo scaricato
28%
Chirone dà una festa
24%
Devastiamo la città sacra
24%
Do una sbirciatina alla mia morte
24%
Facciamo un salto al ranch demoniaco
24%
Faccio il bagno peggiore della mia vita
24%
Giochiamo ad acchiapparello con gli scorpioni
24%
Incontriamo il dio bifronte
24%
Ricevo una telefonata anonima dagli Inferi
24%
Spezziamo un ponte
24%
Viene a trovarci una vecchia amica stecchita
24%
Apro una bara
20%
Due serpenti mi salvano la vita
20%
Faccio una telefonata subacquea
20%
Incontro un po' di parenti marini
20%
Ingaggiamo una nuova guida
20%
La mia operazione di salvataggio finisce parecchio male
20%
Mi prendo una vacanza permanente
20%
Rachel stringe un pessimo patto
20%
Riceviamo l'aiuto di una ladra
20%
Rompo qualche navicella spaziale
20%
Un Titano mi porta un regalo
20%
Combatto contro un paio di cheerleader
16%
Mi compro un paio di nuovi amici
16%
Vinciamo dei premi fantastici
16%
Affronto mio fratello in un duello mortale
12%
Finisco sulla sedia elettrica
12%
Rubiamo delle ali leggermente usate
12%

Distribuzione punteggi

Percentile per numero di risposta

Percentuale di utenti per punteggio

I tuoi punteggi nel tempo

Non hai fatto questo quiz